000 01314nac a22002531u 4500
008 091014t xxu||||| |||| 00| 0 eng d
010 _a2003070540
020 _a9780470234631
082 0 0 _a620.11
_bCAL
100 _aCallister, William D.,
_98853
245 1 0 _aFundamentals of Materials Science and Engineering :
_bAn Integrated Approach /
_cWilliam D. Callister, David G. Rethwisch
250 _a3rd ed.
260 _aHoboken, NJ :
_bJohn Wiley & Sons,
_cc2008.
300 _axxiii, 882 p.:
_bcol. ill. ;
_c27 cm.
500 _a"International Student Version" --- Cover
504 _aIncludes bibliographical references and index.
650 0 _aMaterials.
_98854
700 1 _aRethwisch, David G.
_98855
856 4 2 _3Publisher description
_uhttp://www.loc.gov/catdir/description/wiley041/2003070540.html
856 4 2 _3Table of contents
_uhttp://www.loc.gov/catdir/toc/wiley041/2003070540.html
942 _cBB
_k620.11CAL
_2ddc
999 _c12789
_d12789